1563 1357 1199 1726 1541 1277 1841 1317 1946 1786 1399 1289 1274 1403 1477 1600 1341 1704 1805 1025 1836 1237 1661 1163 1007 1946 1362 1771 1477 1918 1332 1996 1474 1214 1129 1624 1544 1641 1415 1810 1754 1830 1990 1754 1774 1421 1188 1781 1116 1941 1234 1210 1425 1983 1656 1264 1547 1527 1694 1004 1952 1575 1843 1802 1350 1204 1306 1362 1265 1572 1136 1332 1930 1220 1139 1092 1650 1231 1021 1451 1776 1956 1069 1814 1662 1256 1221 1482 1447 1775 1928 1678 1533 1070 1943 1927 1176 1800 1200 BCNSPRNW ULIB Ver.6.0+V

เปลี่ยนเป็นภาษาไทย

Change to English
 แสดงรายละเอียดบรรณานุกรม
  กลับหน้าหลัก

Brief Record : Get Marc (ISO 2709) : E-mail record : QR code < ปิดหน้าต่าง
LEADER : 00000nam 2200000uu 4500
001    13399111679
003     ULIB
008    110705s2553||||th 000 0 tha d
020    ^a9789749803752 (ล. 1)
060 04 WY105^bส627ป ล.1 2553
110 1  มหาวิทยาลัยสุโขทัยธรรมาธิราช^bสาขาวิชาพยาบาลศาสตร์.
245 0  ^aประมวลสาระชุดวิชาประเด็นและแนวโน้มทางการบริหารการพยาบาล หน่วยที่ 1-4= ^bIssues and trends in nursing management / ^cสาขาวิชาพยาบาลศาสตร์ มหาวิทยาลัยสุโขทัยธรรมาธิราช.
246 31 ^aชุดวิชาประเด็นและแนวโน้มทางการบริหารการพยาบาล
246 31 ^aประเด็นและแนวโน้มทางการบริหารการพยาบาล
246 31 ^aIssues and trends in nursing management
250    ^aพิมพ์ครั้งที่ 2.
260    ^aนนทบุรี : ^bสำนักพิมพ์ มหาวิทยาลัยสุโขทัยธรรมาธิราช, ^c2553.
300    ^a3 เล่ม : ^bภาพประกอบ, แผนภูมิ ; ^c26 ซม.
650  7 การบริหารการพยาบาล
945    ^p0^l0^i030255
945    ^p0^l0^i030253
945    ^p0^l0^i030256
945    ^p0^l0^i030254
995    ทศพร
999 ^a ใช้งานได้ทุกระบบ
รายการนี้ยังไม่มีแท็ก
คุณยังไม่ได้ล็อกอิน คุณสามารถมีกิจกรรมร่วมกับเว็บไซต์ได้ แต่ต้องล็อกอินก่อน ::
  ล็อกอิน

รายการสื่อสารสนเทศ

ลำดับที่ ประเภท เลขเรียก/บาร์โค้ด สถานที่ สถานะ
1. วิทยาศาสตร์การแพทย์ และสุขภาพ
หนังสือสำรอง
สถานะ=หนังสือสำรอง
WY105 ส627ป ล.1 2553 ฉ.1 
  Barcode: 030253
ห้องสมุดวิทยาเขตสวรรค์ประชารักษ์
►ส่วนจัดเก็บหนังสือเก่า สปร
บนชั้น
  ขอยืม
2. วิทยาศาสตร์การแพทย์ และสุขภาพ
วิทยาศาสตร์การแพทย์ และสุขภาพ
WY105 ส627ป ล.1 2553 ฉ.2 
  Barcode: 030254
ห้องสมุดวิทยาเขตสวรรค์ประชารักษ์
►ส่วนจัดเก็บหนังสือเก่า สปร
บนชั้น
  ขอยืม
3. วิทยาศาสตร์การแพทย์ และสุขภาพ
วิทยาศาสตร์การแพทย์ และสุขภาพ
WY105 ส627ป ล.1 2553 ฉ.4 
  Barcode: 030256
ห้องสมุดวิทยาเขตสวรรค์ประชารักษ์
►ส่วนจัดเก็บหนังสือเก่า สปร
บนชั้น
  ขอยืม

รายการใกล้เคียง
    หัวเรื่อง [การบริหารการพยาบาล]

BibComment


ยังไม่เคยถูกคอมเมนท์

คอมเมนท์ทรัพยากรรายการนี้
  คอมเมนท์: ประมวลสาระชุดวิช..


 Copyright 2026. Bcnsprnw @Library